Gennaro Gattuso's Napoli - Statistics

General Stats
  • This quiz has been taken 11 times
  • The average score is 25 of 30
Answer Stats
Rank Player Position Nationality Matches Goals Assists % Correct
17 Alex Meret Goalkeeper 41 0 0
100%
24 Amir Rrahmani Centre-Back 20 1 1
100%
16 David Ospina Goalkeeper 41 0 1
100%
8 Dries Mertens Second Striker 60 17 17
100%
13 Elseid Hysaj Right-Back 48 1 5
100%
5 Fabián Ruiz Central Midfield 69 7 5
100%
9 Hirving Lozano Left Winger 60 17 6
100%
12 Kalidou Koulibaly Centre-Back 52 1 0
100%
11 Konstantinos Manolas Centre-Back 55 2 1
100%
1 Lorenzo Insigne Left Winger 77 28 14
100%
7 Mário Rui Left-Back 60 0 3
100%
2 Piotr Zieliński Central Midfield 76 11 17
100%
18 Stanislav Lobotka Defensive Midfield 39 0 0
100%
22 Arkadiusz Milik Centre-Forward 26 6 0
91%
3 Giovanni Di Lorenzo Right-Back 75 6 12
91%
20 Victor Osimhen Centre-Forward 30 10 3
91%
25 Allan Defensive Midfield 19 2 0
82%
10 Diego Demme Defensive Midfield 57 4 4
82%
6 Eljif Elmas Left Winger 67 4 2
82%
23 Faouzi Ghoulam Left-Back 21 0 2
82%
21 José Callejón Right Winger 26 3 3
82%
4 Matteo Politano Right Winger 70 13 8
82%
28 Amin Younes Left Winger 4 1 0
73%
14 Nikola Maksimović Centre-Back 45 0 0
73%
15 Tiemoué Bakayoko Defensive Midfield 44 2 2
73%
26 Fernando Llorente Centre-Forward 10 0 0
64%
29 Kévin Malcuit Right-Back 3 0 0
45%
19 Andrea Petagna Centre-Forward 36 5 3
36%
27 Sebastiano Luperto Centre-Back 4 0 0
36%
30 Antonio Cioffi Left Winger 1 0 0
9%
No matching quizzes found
Score Distribution
Percent of People with Each Score
Percentile by Number Answered
Your Score History
You have not taken this quiz